banner-ar

عصر الاساطير / (Record no. 46157)

MARC details
000 -الفاتح
حقل البيانات ثابتة الطول 00614nam a2200205Ia 4500
008 - عناصر البيانات ثابتة الطول - معلومات عامة
حقل البيانات ثابتة الطول 140319s9999 xx 000 0 ara d
040 ## - مصدر الفهرسة
وكالة الفهرسة الأصلية GCL /
وكالة النسخ GCL
082 04 - رقم تصنيف ديوى العشرى
رقم التصنيف 398.22
رقم المادة ب ع
100 1# - المدخل الرئيسى - إسم شخصى
الإسم الشخصى صقر خفاجة (مراجع)
245 10 - بيان العنوان
العنوان عصر الاساطير /
بيان المسئوليه,etc صقر خفاجة (مراجع)
700 1# - المدخل الاضافى - اسم شخصى
الإسم الشخصى رشدى السيسى (مترجم)
700 1# - المدخل الاضافى - اسم شخصى
الإسم الشخصى بلفنش
300 ## - الوصف المادى
التعداد 488 ص
490 ## - بيان السلسلة
عنوان السلسلة الالف كتاب
رقم المجلد/ التعيين التسلسلي 0
650 04 - المدخل الاضافى بالموضوع-مصطلح موضوعى
مصطلح موضوعي الاساطير القديمة
650 04 - المدخل الاضافى بالموضوع-مصطلح موضوعى
مصطلح موضوعي الاساطير اليونانية
650 04 - المدخل الاضافى بالموضوع-مصطلح موضوعى
مصطلح موضوعي الاساطير - تاريخ
942 ## - عناصر المدخل الإضافي( كوها)
مصدر التصنيف او مخطط الترفيف Dewey Decimal Classification
Koha [default] item type كتاب
Holdings
حالة التراجع حالة الفقد حالة تلف ليس للاعارة المكان المؤقت الموقع الحالى تاريخ الاكتساب اجمالي اﻻعارات رقم الطلب الباركود تاريخ اخر مشاهدة تاريخ تفعيل السعر نوع وعاء كوها
        مكتبة القاهرة الكبرى مكتبة القاهرة الكبرى 03/26/2014   398.22\ب ع 112368 03/26/2014 03/26/2014 كتاب

Powered By

EGPV